000 00510 a2200169 4500
003 OSt
005 20231028150855.0
008 231028b |||||||| |||| 00| 0 eng d
020 _a9789357321433
040 _coclc
082 _a894.8113
_bKAL/S
100 _aKalkki, Krishnamoorthi
_99797
245 _a SIVAKAMIYUTE SAPADHAM /
_cKalkki Krishnamoorthi
260 _aKottayam:
_bD C Books,
_c2023.
300 _a2V.,1104p,
_c21 cm
942 _2ddc
_cBK
_h894.8113
_iKAL/S
_k894.8113
_mKAL/S
999 _c42889
_d42889